The mimetic tradition of reform in the West /

Bibliographic Details
Main Author: Morrison, Karl F. (Karl Frederick), 1936-
Format: Book
Language:English
Published: Princeton, N.J. : Princeton University Press, [1982]
Subjects:

MARC

Tag First Indicator Second Indicator Subfields
LEADER 00000pam a2200000 a 4500
001 in00000087729
005 20151008062955.0
008 811215s1982 nju b 00110 eng
010 |a  81047935  
020 |a 0691053502 :  |c $30.00 
035 |a (OCoLC)08109736 
035 |9 AAK1319AM 
039 0 |a 2  |b 3  |c 3  |d 3  |e 3 
040 |a DLC  |c DLC  |d TXA  |d UtOrBLW 
043 |a e------ 
049 |a TXAM  |c [802437] 
050 0 0 |a CB245  |b .M64 1982 
082 0 |a 909/.09821  |2 19 
100 1 |a Morrison, Karl F.  |q (Karl Frederick),  |d 1936- 
245 1 4 |a The mimetic tradition of reform in the West /  |c Karl F. Morrison. 
264 1 |a Princeton, N.J. :  |b Princeton University Press,  |c [1982] 
264 4 |c ©1982 
300 |a xxii, 440 pages ;  |c 25 cm. 
336 |a text  |b txt  |2 rdacontent 
337 |a unmediated  |b n  |2 rdamedia 
338 |a volume  |b nc  |2 rdacarrier 
504 |a Includes bibliographical references and index. 
650 0 |a Civilization, Western. 
650 0 |a Imitation. 
651 0 |a Europe  |x Intellectual life. 
999 |a MARS 
999 f f |s 4f7d9621-f025-3404-a7fa-ccf66000a2c5  |i cf891a1e-63ef-391d-aa8f-94ef0721f2a9  |t 0 
952 f f |p ric  |a Texas A&M University  |b Rellis Campus  |c Joint Library Facility  |d Remote Storage  |t 0  |e CB245 .M64 1982  |h Library of Congress classification  |i unmediated -- volume  |m A14805922107 
998 f f |a CB245 .M64 1982  |t 0  |l Remote Storage